MARC

LEADER 00000nam0a2200000 4500
001 281324
005 20231101235406.0
020 |a RU  |b 86-78664 
035 |a (RuTPU)RU\TPU\book\305031 
090 |a 281324 
100 |a 20150121d1986 k y0rusy5003 ca 
101 0 |a rus 
102 |a RU 
105 |a a z 001zy 
200 1 |a Технология и механизация добычи пильного камня подземным способом  |f Ю. И. Михайлов, Ф. П. Спиваков, А. А. Якубец 
210 |a Москва  |c Недра  |d 1986 
215 |a 167 с.  |c ил. 
320 |a Библиогр.: с. 166 
606 |a Камень (строит.)  |x Добыча подземная  |2 stltpush  |3 (RuTPU)RU\TPU\subj\13602  |9 40185 
610 1 |a горное дело 
610 1 |a пильные камни 
610 1 |a физико-технические свойства 
610 1 |a месторождения 
610 1 |a минерально-сырьевая база 
610 1 |a шахтные поля 
610 1 |a рудничное оборудование 
610 1 |a вскрытие 
610 1 |a горное давление 
610 1 |a механизация 
610 1 |a запасы 
610 1 |a внутришахтный транспорт 
610 1 |a проветривание 
610 1 |a применение 
675 |a 622.35/.36:622.272  |v 3 
700 1 |a Михайлов  |b Ю. И.  |g Юрий Иванович 
701 1 |a Спиваков  |b Ф. П.  |g Феликс Петрович 
701 1 |a Якубец  |b А. А.  |g Андрей Андреевич 
801 0 |a RU  |b RuMRKP  |c 19950704  |g psbo 
801 1 |a RU  |b 63413507  |c 20150121 
801 2 |a RU  |b 63413507  |c 20170119  |g RCR 
942 |c BK